Enciclopedia de la cultura española

Guardat en:
Dades bibliogràfiques
Autor principal: Pérez-Embid, Florentino (Autor)
Format: Llibre
Idioma:espanyol
Publicat: Madrid Nacional 1963
Matèries:
Etiquetes: Afegir etiqueta
Sense etiquetes, Sigues el primer a etiquetar aquest registre!

MARC

LEADER 00000nam a2200000 a 4500
001 UCT3244
003 CL-VaPUC
008 961018e19630000SP |||||||||||||||||spa|d
082 0 4 |a 036  |b PER  |2 21 
100 0 |a Pérez-Embid, Florentino  |e author  |9 372167 
245 1 0 |a Enciclopedia de la cultura española 
300 |a 5 v 
942 |c BK 
945 |d 19961018 00:00:00  |a paguirre 
260 |a Madrid  |b Nacional  |c 1963 
500 |a v.1: Abad Sansón - Canción popular 
500 |a v.2: Cancionero - España 
500 |a v.3. Espartero - Leiva 
500 |a v.4: León - Pujol 
500 |a v.5: Queipo de Llano - Zurita. Suplemento 
650 0 |a Enciclopedias  |9 264135 
650 7 |a MATERIALES DE REFERENCIA  |2 CL-VaPUC  |9 362402 
650 0 |a Cultura  |9 269059 
650 0 |a Agricultura  |9 255598 
650 0 |a Antropología   |9 233030 
650 0 |a Artes plásticas  |9 268637 
650 0 |a Ciencia  |9 255691 
650 0 |a Historia  |9 255047 
650 0 |a Geografía  |9 259346 
650 0 |a Etnología   |9 258726 
650 0 |a Filosofía   |9 223554 
650 0 |a Literatura  |9 259151 
650 0 |a Música  |9 306269 
650 0 |a Ciencias Políticas  |9 255201 
650 0 |a Sociología   |9 255410 
651 0 |a España  |9 254926 
583 |a last modification  |c 20111129 11:37:02  |k Rodrigo Vera 
999 |c 252966  |d 252964